Выставка картин художника Дмитрия Гавриловича Соболева

Библиографические подробности
Язык:русский
Опубликовано: Москва, Дворец культуры, 1937
Предметы:
Формат: Книга
Запись в KOHA:https://koha.lib.tpu.ru/cgi-bin/koha/opac-detail.pl?biblionumber=325477

MARC

LEADER 00000nam0a2200000 4500
001 325477
005 20231102003752.0
035 |a (RuTPU)RU\TPU\book\351091 
090 |a 325477 
100 |a 20161206d1937 km y0rusy50 ca 
101 0 |a rus 
102 |a RU 
105 |a a b 000zb 
200 1 |a Выставка картин художника Дмитрия Гавриловича Соболева 
210 |a Москва  |c Дворец культуры  |d 1937 
215 |a 11 с.  |c ил. 
600 1 |a Соболев  |b Д. Г.  |c художник-график  |f 1895-1962  |g Дмитрий Гаврилович  |2 stltpush  |3 (RuTPU)RU\TPU\pers\45938  |9 22023 
606 1 |a Граверы  |2 stltpush  |3 (RuTPU)RU\TPU\subj\8408  |9 35823 
610 1 |a изобразительное искусство 
610 1 |a графика 
610 1 |a художники 
610 1 |a художественные выставки 
610 1 |a каталоги 
675 |a 76.071  |v 4 
801 1 |a RU  |b 63413507  |c 20161206 
801 2 |a RU  |b 63413507  |c 20200128  |g RCR 
942 |c BK